Introduction to chemistry : student self-study guide Mortimer's /
Guardado en:
| Autor Principal: | |
|---|---|
| Formato: | Libro |
| Idioma: | English |
| Publicado: |
New York :
Van Nostrand,
c1977.
|
| Materias: | |
| Etiquetas: |
Agregar Etiqueta
Sin Etiquetas, Sea el primero en etiquetar este registro!
|
| LEADER | 00740nam a22001935a 4500 | ||
|---|---|---|---|
| 001 | EIQ.libpla000154 | ||
| 008 | 051011s1977####nyu###########000#0#eng#d | ||
| 005 | 20060509155849.0 | ||
| 245 | 0 | 0 | |a Introduction to chemistry : |b student self-study guide Mortimer's / |c prepared by Michaeleen P. Lee. |
| 260 | |a New York : |b Van Nostrand, |c c1977. | ||
| 300 | |a 264 p. ; |c 23 cm. | ||
| 500 | |a La biblioteca posee: Introductión to chemistry / Charles E. Mortimer. | ||
| 020 | |a 0442255713 | ||
| 100 | 1 | |a Lee, Michaeleen P. | |
| 700 | 1 | |a Mortimer, Charles E. Mortimer |t Introductión to chemistry. |4 asn | |
| 650 | 4 | |a Chemistry |x Exercises. | |
| 650 | 4 | |a Química |x Ejercicios. | |
| 040 | |a AR-BbSID |b spa |c AR-BbSID | ||
| 859 | |a AR-BbSID |b BIB. PLAPIQUI |h 540 |i Lee 514 |p 5792 | ||
